[Event "Marburg op-A"]
[Site "Marburg"]
[Date "2023.10.28"]
[Round "4"]
[White "Risius, Philipp"]
[Black "Peri, Jean Christophe"]
[Result "1-0"]
[WhiteElo "1967"]
[BlackElo "1637"]
[PlyCount "121"]
[EventDate "2023.10.26"]
[EventType "swiss"]
[EventRounds "7"]
[EventCountry "GER"]
[SourceTitle "CB49_2023"]
[SourceDate "2023.12.06"]
[SourceVersion "1"]
[SourceVersionDate "2023.12.06"]
[SourceQuality "1"]

1. d4 c6 2. Nf3 d5 3. e3 Bf5 4. c4 e6 5. Qb3 Qc8 6. Bd2 Nf6 7. Bb4 Nbd7 8. Bxf8 Nxf8 9. Nbd2 Ng6 10. Qa3 Qd7 11. Be2 Qe7 12. Qxe7+ Nxe7 13. Ne5 h6 14. g4 Bh7 15. h4 Nd7 16. g5 Nxe5 17. dxe5 hxg5 18. hxg5 0-0-0 19. 0-0-0 Bg6 20. cxd5 cxd5 21. Nb3 Kb8 22. Nd4 Rc8+ 23. Kd2 a6 24. b4 Rxh1 25. Rxh1 Nc6 26. Nxc6+ Rxc6 27. Rh8+ Rc8 28. Rxc8+ Kxc8 29. b5 axb5 30. Kc3 Kc7 31. Kb4 b6 32. Bxb5 Bh5 33. Bd3 Bf3 34. Kb5 Bh5 35. Ka6 Bf3 36. Ka7 Bd1 37. g6 fxg6 38. Bxg6 Ba4 39. Bf7 Bd7 40. f4 b5 41. Ka6 Kc6 42. Ka5 Kc5 43. f5 exf5 44. e6 Bc6 45. e7 g5 46. e8Q Bxe8 47. Bxe8 d4 48. exd4+ Kxd4 49. Kxb5 f4 50. Bc6 Ke3 51. a4 g4 52. a5 f3 53. a6 g3 54. Bxf3 Kxf3 55. a7 g2 56. a8Q+ Kf2 57. Qf8+ Ke2 58. Qc5 Kf1 59. Qf5+ Ke2 60. Qg4+ Kf2 61. Qf4+ 1-0

[Event "Marburg op-A"]
[Site "Marburg"]
[Date "2023.10.27"]
[Round "2"]
[White "Burkart, Lloyd Shang"]
[Black "Peri, Jean Christophe"]
[Result "1-0"]
[WhiteElo "2027"]
[BlackElo "1637"]
[PlyCount "83"]
[EventDate "2023.10.26"]
[EventType "swiss"]
[EventRounds "7"]
[EventCountry "GER"]
[SourceTitle "CB49_2023"]
[SourceDate "2023.12.06"]
[SourceVersion "1"]
[SourceVersionDate "2023.12.06"]
[SourceQuality "1"]

1. d4 c6 2. c4 d5 3. Nf3 Nf6 4. Qc2 e6 5. g3 Bd6 6. Bg2 0-0 7. 0-0 h6 8. Nbd2 Nbd7 9. e4 dxe4 10. Nxe4 Nxe4 11. Qxe4 Nf6 12. Qe2 Re8 13. Rd1 Qc7 14. a3 a5 15. Re1 Bd7 16. c5 Bf8 17. Bf4 Qd8 18. Ne5 Nd5 19. Qf3 Nxf4 20. Qxf4 Re7 21. Nc4 Be8 22. b4 Rd7 23. Red1 axb4 24. Nb6 bxa3 25. Nxa8 Qxa8 26. Qe3 Qa4 27. Rd3 Be7 28. Raxa3 Qc2 29. Rac3 Qa2 30. Qd2 Qxd2 31. Rxd2 f6 32. Bh3 Bf7 33. f4 Rd8 34. Rcc2 Bg6 35. Bxe6+ Kh7 36. f5 Bh5 37. Kf2 Ra8 38. Ra2 Rd8 39. h3 Be8 40. Ke3 Bd7 41. Bxd7 Rxd7 42. Ra7 1-0